000 00764cam a2200265 4500
005 20260322212047.0
008 data
010 _a 72095540 //r85
020 _a0465092071
020 _a9780465092079
040 _aDLC
_cDLC
_dYUS
041 1 _aengrus
049 _aYUSC
050 0 _aQP360
_b.L8713 1973
090 _aQP 360 L871 1973
100 1 _aLurii︠a︡, A. R.
_q(Aleksandr Romanovich),
_d1902-
245 1 4 _aThe working brain;
_ban introduction to neuropsychology
_c[by] A. R. Luria. Translated by Basil Haigh.
260 _aNew York,
_bBasic Books
_c[c1973]
300 _a398 p.
_billus.
_c21 cm.
350 _a{dollar}12.50
504 _aBibliography: p. 345-371.
590 _aIncludes bibliography
650 0 _aNeuropsychology.
001 data
999 _c1109
_d1109